000 00538nam a2200157 4500
001 133421
003 ES-MaACL
005 20230906194412.0
007 t|
008 070214s1964 sp r ||||1| spa d
100 1 _aRuipérez, Martín S.
_9100581
245 1 3 _aLa aparición de la idea de progreso en Grecia
_b: discurso pronunciado en la solemne apertura del curso académico 1964-1965 /
_cMartín S. Ruipérez.
260 _aSalamanca :
_bUniversidad,
_c1964.
300 _a26 p. ;
_c24 cm.
852 _aES-MaACL
_j1970-F-24
_bR.54893
999 _c133421
_d133421